Capital Cities - Closest together and Most Isolated - Statistics

General Stats
  • This quiz has been taken 987 times
    868 since last reset
  • The average score is 20 of 42
Answer Stats
MIN. DISTANCE COUNTRY (closest country) % Correct
1a. (2,330 km) Canberra (#1b)
88%
1b. (2,330 km) Wellington (#1a)
85%
Rome
82%
Vatican City
80%
17. (1,139 km) Santiago (Buenos Aires)
69%
6. (1,460 km) Brasilia (#23)
68%
16. (1,155 km) Tokyo (Seoul)
68%
Vienna
68%
Bratislava
63%
Kinshasa
63%
14a. (1,157 km) Manila (#14b)
61%
Brazzaville
59%
9. (1,316 km) Lima (Quito)
58%
20. (1,058 km) Mexico City (Guatemala City)
57%
5. (1,497 km) Reykjavik (Dublin)
57%
7. (1,402 km) Port Moresby (#12)
53%
13. (1,170 km) Ulaanbaatar (Beijing)
52%
3. (1,902 km) Dili (#11)
49%
14b. (1,157 km) Taipei (#14a)
47%
Amman
44%
Helsinki
44%
Jerusalem
44%
Tallinn
43%
Beirut
41%
8. (1,343 km) Victoria (#24)
41%
Damascus
39%
12. (1,249 km) Honiara (Yaren)
39%
10. (1,277 km) Palikir (Yaren)
39%
19. (1,067 km) Funafuti (Suva)
38%
18. (1,072 km) Port-Vila (Suva)
38%
23. (1,034 km) Asuncion (Buenos Aires)
37%
4. (1,683 km) Melekeok (#14a)
37%
Pristina
37%
Skopje
37%
21. (1,054 km) Port Louis (Antananarivo)
36%
22. (1,048 km) Sucre (#23)
24%
Castries
21%
Kingstown
20%
Saint John's
20%
11. (1,256 km) Bandar Seri Begawan (#14a)
18%
Basseterre
18%
24. (1,017 km) Mogadishu (Nairobi)
15%
No matching quizzes found
Score Distribution
Percent of People with Each Score
Percentile by Number Answered
Your Score History
You have not taken this quiz since the last reset